000 01089cab a22001935a 4500
001 L150757
008 100901s2010 xxk 000 0 eng d
035 _a(Sirsi) u150757
041 0 _aeng
100 1 _aYoung, Andy
245 0 0 _aIs buy-to-let still a good investment?
260 _c2010
490 0 _aSustainablebuilding inc Propertyforecast
_v(43) July 2010, 14-15(2)
520 _aWhat are the prospects for the buy-to-let market facing a rise in Capital Gains Tax to 28%? This market is still dominated by professional landlords who see residential rental property as a medium to long-term investment. The performance of buy-to-let mortgage portfolios is better than the market data might first suggest. Shortage of buy-to-let finance has hampered the sector during the recession but demand for private rental property is now soaring. Significant growth in the buy-to-let investment market is likely over the next few years.
590 _aKA
651 4 _aUnited Kingdom
_y
690 _aPROPERTY-RESIDENTIAL PROPERTY-RESIDENTIAL PROPERTY FINANCE AND INVESTMENT
942 _n0
999 _c82630
_d82630